000 00334nam a2200145Ia 4500
008 230711s9999||||xx |||||||||||||| ||und||
041 _aENG
082 _a624
_bCH-S
100 _aChatwal,Gurdeep R
245 0 _aSpectroscopy
250 _a1st
260 _c1989
_aBombay
_bHimalaya Publishing House
650 _aChemistry
942 _cBK
999 _c902
_d902